|
|
|
|
| LEADER |
007090000a22002170004500 |
| 082 |
|
|
|a 347.540 35 M5;1
|
| 100 |
|
|
|a Upendra Baxi; Author
|
| 245 |
|
|
|a Courage, craft and contention: the Indian Supreme Court in the eighties
|
| 260 |
|
|
|a Bombay, N M Tripathi Pvt Ltd
|
| 260 |
|
|
|c 1985
|
| 460 |
|
|
|a xv,151p
|
| 465 |
|
|
|a Rs.75.00
|
| 500 |
|
|
|a Includes index
|
| 500 |
|
|
|a Upendra Baxi
|
| 650 |
|
|
|a Appellate courts
|
| 650 |
|
|
|a Criticism and interpretation
|
| 650 |
|
|
|a India
|
| 650 |
|
|
|a Supreme courts
|
| 942 |
|
|
|c BK
|
| 999 |
|
|
|c 36809
|d 36809
|
| 952 |
|
|
|0 0
|1 0
|4 0
|6 347_540000000000000_35_M51
|7 0
|8 ENG
|9 37268
|a MGUL
|b MGUL
|d 2013-07-16
|e Rs.75.00
|l 1
|m 1
|o 347.540 35 M5;1
|p G01132
|r 2015-10-27
|s 2015-09-07
|w 2013-07-16
|y BK
|